000 00336 a2200157 4500
001 149333
040 _cEscola São Tomás de Aquino
100 _aBUENO, Edna
240 1 0 _aEntre os Bambus
_lpor
245 1 0 _aEntre os Bambus
300 _a31
362 0 _a2003
440 1 _aGlobal
697 _a*LITERATURA INFANTO
942 _cBK
999 _c149333
_d149333